LEADER 02177oam 2200565I 450 001 9910703546403321 005 20190128143124.0 035 $a(CKB)5470000002432237 035 $a(OCoLC)915161255 035 $a(EXLCZ)995470000002432237 100 $a20150731d2014 ua 0 101 0 $aeng 135 $aurcn||||||||| 181 $ctxt$2rdacontent 182 $cc$2rdamedia 183 $acr$2rdacarrier 200 10$aAirborne electromagnetic data and processing within Leech Lake Basin, Fort Irwin, California /$fby Paul A. Bedrosian, Lyndsay B. Ball, and Benjamin R. Bloss 210 1$aReston, Virginia :$cU.S. Department of the Interior, U.S. Geological Survey,$d2014. 215 $a1 online resource (20 pages) $ccolor illustrations, color maps +$e2 appendices 225 1 $aOpen-file report ;$v2013-1024-G 300 $aTitle from title screen (viewed on July 23, 2015). 320 $aIncludes bibliographical references (pages 19-20). 517 1 $aGeology and geophysics applied to groundwater hydrology at Fort Irwin, California /$eDavid C. Buesch, editor 517 1 $aReport on a helicopter-borne AeroTEM system electromagnetic & magnetic survey 606 $aMagnetic prospecting$zCalifornia$zFort Irwin 606 $aElectric prospecting$zCalifornia$zFort Irwin 606 $aGroundwater$zCalifornia$zFort Irwin 606 $aElectric prospecting$2fast 606 $aGroundwater$2fast 606 $aMagnetic prospecting$2fast 607 $aCalifornia$zFort Irwin$2fast 615 0$aMagnetic prospecting 615 0$aElectric prospecting 615 0$aGroundwater 615 7$aElectric prospecting. 615 7$aGroundwater. 615 7$aMagnetic prospecting. 700 $aBedrosian$b Paul A.$01398023 702 $aBall$b Lyndsay B. 702 $aBloss$b Benjamin R. 702 $aBuesch$b David Charles 712 02$aGeological Survey (U.S.), 801 0$bGPO 801 1$bGPO 801 2$bOCLCF 801 2$bGPO 906 $aBOOK 912 $a9910703546403321 996 $aAirborne electromagnetic data and processing within Leech Lake Basin, Fort Irwin, California$93460533 997 $aUNINA LEADER 03984oam 22007094a 450 001 9910973869203321 005 20240513075556.0 010 $a9781526105035 010 $a1526105039 010 $a9781526155177 010 $a1526155176 024 7 $a10.7765/9781526155177 035 $a(CKB)4100000011287962 035 $a(MiAaPQ)EBC6224975 035 $a(OCoLC)1158015725 035 $a(MdBmJHUP)muse87269 035 $a(DE-B1597)659370 035 $a(DE-B1597)9781526155177 035 $a(Perlego)1526007 035 $a(EXLCZ)994100000011287962 100 $a20191112d2019uuuu uy 0 101 0 $aeng 135 $aurcnu|||||||| 181 $ctxt$2rdacontent 182 $cc$2rdamedia 183 $acr$2rdacarrier 200 10$aRace and the Obama Administration$eSubstance, symbols and hope /$fAndra Gillespie 205 $a1st ed. 210 1$aManchester :$cManchester University Press,$d[2019] 210 4$d©2019 215 $a1 online resource (xiii, 237 pages) $cillustrations 300 $aBibliogr. p. 208-230. Index. 311 08$a9781526105011 311 08$a1526105012 311 08$a9781526105028 311 08$a1526105020 320 $aIncludes bibliographical references (pages 208-230) and index. 327 $aFront matter -- Dedication -- Contents -- List of figures -- List of tables -- Acknowledgments -- Introduction: My president was black So what? -- The triple bind -- How he did: The racial successes, failures, and impact of the Obama presidency -- Was Obama a paddling duck?: Seven vignettes of substantive politics in the Obama Administration -- The right person saying the right thing: Descriptive representation and rhetoric in the Obama Administration -- The political power of symbolic representation: Artistic performances and commencement speeches from... -- The substance of hope: Public opinion and black attitudes toward the Obama presidency -- Conclusion: Was it worth it? -- Epilogue: Considering the Obama legacy in the age of Trump -- Appendix -- Bibliography -- Index. 330 $a"The election of Barack Obama marked a critical point in American political and social history. Did the historic election of a black president actually change the status of blacks in the United States? Did these changes (or lack thereof) inform blacks' perceptions of the President? This book explores these questions by comparing Obama's promotion of substantive and symbolic initiatives for blacks to efforts by the two previous presidential administrations. By employing a comparative analysis, the reader can judge whether Obama did more or less to promote black interests than his predecessors. Taking a more empirical approach to judging Barack Obama, this book hopes to contribute to current debates about the significance of the first African American presidency. It takes care to make distinctions between Obama's substantive and symbolic accomplishments and to explore the significance of both" (ed.). 606 $aRelations interethniques$zE?tats-Unis$x21e siecle$2ram 606 $aNoirs américains$xConditions economiques$x21e siecle$2ram 606 $aNoirs américains$xConditions sociales$x21e siecle$2ram 606 $aPolitique et gouvernement$zÉtats-Unis$y2009-2017$2ram 610 $aAfrican-American studies. 610 $aAmerican Presidency. 610 $aBarack Obama. 610 $aBill Clinton. 610 $aGeorge W. Bush. 610 $arace &politics. 610 $aracial equality. 615 7$aRelations interethniques$x21e siecle. 615 7$aNoirs américains$xConditions economiques$x21e siecle. 615 7$aNoirs américains$xConditions sociales$x21e siecle. 615 7$aPolitique et gouvernement 676 $a973.932 700 $aGillespie$b Andra$4aut$01814378 801 0$bMdBmJHUP 801 1$bMdBmJHUP 906 $aBOOK 912 $a9910973869203321 996 $aRace and the Obama Administration$94368261 997 $aUNINA